The tobacco dependence treatment handbook : (Record no. 548)

MARC details
000 -LEADER
fixed length control field 01841cam a22003614a 4500
005 - DATE AND TIME OF LATEST TRANSACTION
control field 20260322212024.0
008 - FIXED-LENGTH DATA ELEMENTS--GENERAL INFORMATION
fixed length control field data
010 ## - LIBRARY OF CONGRESS CONTROL NUMBER
LC control number 2002153857
020 ## - INTERNATIONAL STANDARD BOOK NUMBER
International Standard Book Number 9781572308497 (pbk. : alk. paper)
020 ## - INTERNATIONAL STANDARD BOOK NUMBER
International Standard Book Number 1572308494 (pbk. : alk. paper)
040 ## - CATALOGING SOURCE
Original cataloging agency DLC
Transcribing agency DLC
Modifying agency VET
-- VET
041 09 - LANGUAGE CODE
Language code of text/sound track or separate title eng
042 ## - AUTHENTICATION CODE
Authentication code nlmcopyc
-- nlmcopyc
044 ## - COUNTRY OF PUBLISHING/PRODUCING ENTITY CODE
-- United States
050 00 - LIBRARY OF CONGRESS CALL NUMBER
Classification number RC567
Item number .T634 2003
060 10 - NATIONAL LIBRARY OF MEDICINE CALL NUMBER
Classification number WM 34
Item number T628 2003
082 00 - DEWEY DECIMAL CLASSIFICATION NUMBER
Classification number 616.86/506
Edition information 21
001 - CONTROL NUMBER
control field data
245 14 - TITLE STATEMENT
Title The tobacco dependence treatment handbook :
Remainder of title a guide to best practices /
Statement of responsibility, etc. David B. Abrams.
260 ## - PUBLICATION, DISTRIBUTION, ETC.
Place of publication, distribution, etc. New York :
Name of publisher, distributor, etc. Guilford Press,
Date of publication, distribution, etc. c2003.
300 ## - PHYSICAL DESCRIPTION
Extent xviii, 365 p. :
Other physical details ill. ;
Dimensions 28 cm.
490 1# - SERIES STATEMENT
Series statement Treatment manuals for practitioners
504 ## - BIBLIOGRAPHY, ETC. NOTE
Bibliography, etc. note Includes bibliographical references (p. 338-358) and index.
505 0# - FORMATTED CONTENTS NOTE
Formatted contents note Planning evidence-based treatment of tobacco dependence / David B. Abrams and Raymond Niaura -- Assessment to inform smoking cessation treatment / Raymond Niaura and William G. Shadel -- Increasing motivation to stop smoking / Karen M. Emmons -- Brief behavioral treatment / William G. Shadel and Raymond Niaura -- Intensive behavioral treatment / Richard A. Brown -- Comorbidity treatment: skills training for coping with depression and negative moods / Richard A. Brown -- Pharmacotherapy for smoking cessation / Michael G. Goldstein -- Contextual and systems factors that support treatment -- Judith D. DePue and Laura A. Linnan -- Ongoing research and future directions / Peter M. Monti, Raymond Niaura, and David B. Abrams.
650 12 - SUBJECT ADDED ENTRY--TOPICAL TERM
Topical term or geographic name entry element Tobacco Use Disorder
General subdivision therapy
650 22 - SUBJECT ADDED ENTRY--TOPICAL TERM
Topical term or geographic name entry element Evidence-Based Medicine
650 22 - SUBJECT ADDED ENTRY--TOPICAL TERM
Topical term or geographic name entry element Smoking Cessation
650 22 - SUBJECT ADDED ENTRY--TOPICAL TERM
Topical term or geographic name entry element Smoking
General subdivision adverse effects
655 #2 - INDEX TERM--GENRE/FORM
Genre/form data or focus term Handbooks
700 1# - ADDED ENTRY--PERSONAL NAME
Personal name Abrams, David B.
830 #0 - SERIES ADDED ENTRY--UNIFORM TITLE
Uniform title Treatment manuals for practitioners.
994 ## -
-- CDN
-- 20030812
Holdings
Withdrawn status Lost status Damaged status Not for loan Home library Current library Shelving location Date acquired Total checkouts Full call number Barcode Date last seen Price effective from Koha item type
        Riverside Riverside General stacks 22/03/2026   616.86/506 21 BC0010561 22/03/2026 22/03/2026 Books